| 000 | 00647cam a2200205 4500 | ||
|---|---|---|---|
| 001 | FRBNF371747800000001 | ||
| 003 | http://catalogue.bnf.fr/ark:/12148/cb37174780b | ||
| 005 | 20241029172440.0 | ||
| 008 | 241029b |||||||| |||| 00| 0 eng d | ||
| 020 | _a055014000X | ||
| 050 | _aPE1625 | ||
| 100 | _a19990127d1998 m y0frey50 ba | ||
| 245 | _aThe Chambers Dictionary | ||
| 250 | _a2nd | ||
| 260 |
_aGreat Britain _bChambers Harrap Publishers Ltd _cc1999 |
||
| 300 |
_axxxi, 1984 pages _c24cm |
||
| 650 |
_2English Dictionary _aGreat Britain |
||
| 710 |
_312183283 _oISNI000000040398368X _aChambers Harrap _4070 |
||
| 942 |
_2lcc _cBK _e2nd _n0 |
||
| 999 |
_c353 _d353 |
||